Statistiken für Amerikanische Teams ohne FIFA-WM-Teilnahme

Klicken Sie hier um das Quiz zu spielen!

Allgemein

  • Dieses Quiz wurde 269 mal gespielt
  • Das Durchschnittsergebnis liegt bei 14 aus 25

Antwortstatistiken

Team% Korrekt
St. Kitts und Nevis
84%
Bahamas
83%
St. Lucia
82%
Nicaragua
80%
Belize
79%
Guatemala
79%
St. Vincent und die Grenadinen
79%
Dominikanische Republik
78%
Barbados
77%
Antigua und Barbuda
76%
Dominica
75%
Suriname
75%
Guyana
73%
Grenada
72%
Venezuela
71%
Aruba
43%
Curaçao
38%
Puerto Rico
37%
Amerikanische Jungferninseln
31%
Bermuda
31%
Britische Jungferninseln
31%
Anguilla
21%
Cayman Islands
19%
Montserrat
17%
Turks- und Caicosinseln
12%

Verteilung der Resultate

Perzentil nach korrekt beantworteten Fragen

Anzahl Personen mit jedem Resultat

Ihre Resultats-Entwicklung

Sie haben dieses Quiz noch nicht gespielt